Catalog

Record Details

Catalog Search



Rizikové chování v dospívání a jeho vztah ke zdraví  Cover Image Book Book

Rizikové chování v dospívání a jeho vztah ke zdraví / Pavel Kabíček, Ladislav Csémy, Jana Hamanová a kolektiv

Record details

  • ISBN: 978-80-7387-793-4
  • Physical Description: 343 s. : il. (některé barev.) ; 20 cm
  • Edition: Vyd. 1.
  • Publisher: Praha : Triton, 2014

Content descriptions

Bibliography, etc. Note:
Obsahuje bibliografie a rejstřík
Subject: adolescenti
rizikové chování
patologické závislosti
zdraví
poškození zdraví
adolescents
risk behavior
pathological dependences
health
health damage
Genre: kolektivní monografie
collective monographs

Available copies

  • 4 of 4 copies available at Common Catalog SPOK.

Holds

  • 0 current holds with 4 total copies.
Show Only Available Copies
Location Call Number / Copy Notes Barcode Shelving Location Status Due Date
Jabok Library Ped - 7.3 /K 424480035928 Odborná literatura Available -
Jabok Library Ped - 7.3 /K 424480036891 Odborná literatura Available -
Jabok Library Ped - 7.3 /K 424480046113 Odborná literatura Available -
KDS Library 15 KaP 204576802689 Library Available -

LDR 02354nam a2200661 a 4500
00119333
003CZ-PrJAB
00520150717122324.0
007ta
008141120s2014 xr a f 001 0 cze
015 . ‡acnb002637992
020 . ‡a978-80-7387-793-4 ‡q(brož.)
035 . ‡a(CZ PrSKC)nkc20142637992
040 . ‡aBOA001 ‡bcze ‡dABA001
072 7. ‡a613 ‡xHygiena. Lidské zdraví ‡2Konspekt ‡914
080 . ‡a316.346.32-053.67 ‡2MRF
080 . ‡a316.624 ‡2MRF
080 . ‡a613.81/.84 ‡2MRF
080 . ‡a613/614 ‡2MRF
080 . ‡a616-00 ‡2MRF
080 . ‡a(048.8:082) ‡2MRF
1001 . ‡aKabíček, Pavel ‡7xx0078387 ‡4aut
24510. ‡aRizikové chování v dospívání a jeho vztah ke zdraví / ‡cPavel Kabíček, Ladislav Csémy, Jana Hamanová a kolektiv
250 . ‡aVyd. 1.
260 . ‡aPraha : ‡bTriton, ‡c2014
300 . ‡a343 s. : ‡bil. (některé barev.) ; ‡c20 cm
504 . ‡aObsahuje bibliografie a rejstřík
65007. ‡aadolescenti ‡7ph195464 ‡2czenas
65007. ‡arizikové chování ‡7ph126809 ‡2czenas
65007. ‡apatologické závislosti ‡7ph123998 ‡2czenas
65007. ‡azdraví ‡7ph127590 ‡2czenas
65007. ‡apoškození zdraví ‡7ph446676 ‡2czenas
65009. ‡aadolescents ‡2eczenas
65009. ‡arisk behavior ‡2eczenas
65009. ‡apathological dependences ‡2eczenas
65009. ‡ahealth ‡2eczenas
65009. ‡ahealth damage ‡2eczenas
655 7. ‡akolektivní monografie ‡7fd501537 ‡2czenas
655 9. ‡acollective monographs ‡2eczenas
7001 . ‡aCsémy, Ladislav, ‡d1956- ‡7mzk2003165654 ‡4aut
7001 . ‡aHamanová, Jana, ‡d1930- ‡7jo2002159984 ‡4aut
900 . ‡aABA001 ‡b17
910 . ‡aABG312
910 . ‡aABE463
901 . ‡a19333 ‡b ‡c19333 ‡tbiblio

Additional Resources